Committees and other bodies on which Lok Sabha is represented wholly or partially, July 1982 / (Record no. 5000)

MARC details
000 -LEADER
fixed length control field 01197nam a2200349 a 4500
001 - CONTROL NUMBER
control field vtls000000975
003 - CONTROL NUMBER IDENTIFIER
control field NLI
005 - DATE AND TIME OF LATEST TRANSACTION
control field 20210601180050.0
008 - FIXED-LENGTH DATA ELEMENTS--GENERAL INFORMATION
fixed length control field 101124s1982 ii l f000 0 eng
020 ## - INTERNATIONAL STANDARD BOOK NUMBER
Terms of availability Rs. 1.30
039 #9 - LEVEL OF BIBLIOGRAPHIC CONTROL AND CODING DETAIL [OBSOLETE]
-- 201011242359
-- VLOAD
040 ## - CATALOGING SOURCE
Original cataloging agency NLI
Transcribing agency VTLS
041 0# - LANGUAGE CODE
Language code of text/sound track or separate title eng
044 ## - COUNTRY OF PUBLISHING/PRODUCING ENTITY CODE
MARC country code ii
082 04 - DEWEY DECIMAL CLASSIFICATION NUMBER
Classification number 328.54
110 1# - MAIN ENTRY--CORPORATE NAME
Corporate name or jurisdiction name as entry element India.
Subordinate unit Parliament .
-- Lok Sabha
Number of part/section/meeting (7th :
Date of meeting or treaty signing 1980-1984)
9 (RLIN) 8026
245 10 - TITLE STATEMENT
Title Committees and other bodies on which Lok Sabha is represented wholly or partially, July 1982 /
Statement of responsibility, etc. 7th Lok Sabha, Govt. of India.
260 ## - PUBLICATION, DISTRIBUTION, ETC.
Place of publication, distribution, etc. New Delhi :
Name of publisher, distributor, etc. Lok Sabha Secretariat ,
Date of publication, distribution, etc. 1982
300 ## - PHYSICAL DESCRIPTION
Extent iii, 26 p.;
Dimensions 25 cm.
650 #0 - SUBJECT ADDED ENTRY--TOPICAL TERM
Topical term or geographic name entry element Legislative bodies
Geographic subdivision India
650 #0 - SUBJECT ADDED ENTRY--TOPICAL TERM
Topical term or geographic name entry element Legislative councils
Geographic subdivision India
650 #0 - SUBJECT ADDED ENTRY--TOPICAL TERM
Topical term or geographic name entry element Constitutional law
Geographic subdivision India
650 #0 - SUBJECT ADDED ENTRY--TOPICAL TERM
Topical term or geographic name entry element Legislative power
9 (RLIN) 6380
887 ## - NON-MARC INFORMATION FIELD
Content of non-MARC field kajol
901 ## - LOCAL DATA ELEMENT A, LDA (RLIN)
a IOD101552
b 16.05.1983
902 ## - LOCAL DATA ELEMENT B, LDB (RLIN)
a GP328.54[1] In2cob 1982
905 ## - LOCAL DATA ELEMENT E, LDE (RLIN)
a kajol
906 ## - LOCAL DATA ELEMENT F, LDF (RLIN)
a IOD1130
z 1
949 ## - LOCAL PROCESSING INFORMATION (OCLC)
-- VIRTUAITEM
-- 10003
-- 1
-- 100
6 IOD000101552ENG
a GP328.54[1] In2cob1982
942 ## - ADDED ENTRY ELEMENTS (KOHA)
Source of classification or shelving scheme Dewey Decimal Classification
Koha item type Books
Holdings
Withdrawn status Lost status Damaged status Not for loan Collection code Home library Current library Shelving location Date acquired Total Checkouts Full call number Barcode Date last seen Price effective from Koha item type
        Government Publications National Library of India National Library of India Annexe Reading Room & Stack Division     GP328.54[1] In2cob 1982 IOD000101552ENG 01/06/2021 01/06/2021 Books
                                                                           
web counter

Copyright ©2020 The National Library of India, Govt. of India ↔ Hosted by NVLI, MOC ↔ Technology and Design by National Library of India, Ministry of Culture, Govt. of India